000
00323nam a2200145Ia 4500
008
220216s9999 xx 000 0 und d
100
_a
Joseph P
245
0
_a
Rubberinoppam idavilakalum
260
_b
Rubber
_c
2018
300
_a
15-Nov
650
_a
Idavila
650
_a
Intercrop
700
_a
Jessy M D
942
_c
JS
999
_c
68227
_d
68227